Países por Bandera y Forma #5 - Estadísticas

Estadísticas generales
  • Esta prueba ha sido intentada 3.869 veces
  • La puntuación promedio es 14 de 16
Estadísticas de respuestas
Imagen Respuesta % Correcto
Alemania
99%
Turquía
99%
Venezuela
98%
Bélgica
97%
Catar
95%
Serbia
93%
Argelia
90%
Costa Rica
90%
Filipinas
88%
Somalia
88%
Angola
86%
Haití
84%
Mónaco
84%
Belice
75%
Zambia
74%
Omán
66%
No se encontraron pruebas coincidentes
Distribución de puntuación
Porcentaje de gente con cada puntuación
Porcentaje por número respondido
Historial de tus puntuaciones
No has intentado esta prueba.